Torn - Natalie Imbruglia - All Lyrics - Statistics

General Stats
  • This quiz has been taken 219 times
  • The average score is 268 of 318
Answer Stats
Answer % Correct
a
100%
I
100%
to
99%
I'm
98%
I’m
98%
Oh
98%
(Ooh,
98%
ooh)
98%
(Ooh
98%
ooh-ooh,
98%
torn
98%
Torn
98%
yeah)
98%
is
97%
on
96%
the
96%
feel
95%
no
95%
This
95%
and
94%
how
93%
not
93%
lie
92%
floor
91%
see
91%
He
90%
he
90%
can
89%
me
89%
nothing
89%
So
89%
so
89%
that
89%
what
89%
you
89%
You
89%
of
87%
some
87%
was
87%
all
86%
already
86%
cold
86%
has
86%
it
86%
Lying
86%
man
86%
naked
86%
your
86%
out
85%
never
84%
real
84%
something
84%
be
83%
don't
82%
into
82%
perfect
82%
for
81%
know,
81%
know
81%
late
81%
late,
81%
little
81%
there
81%
going
80%
used
80%
am
79%
faith
79%
Illusion
79%
life
79%
sky
78%
You’re
78%
ashamed
77%
changed
77%
There's
77%
There’s
77%
thought
77%
But
76%
My
76%
my
76%
saw
76%
what's
74%
awake
73%
couldn't
73%
dry
73%
Nothing’s
73%
right
73%
right,
73%
where
73%
cry
72%
That’s
72%
care
71%
care,
71%
heart
71%
him
70%
seem
70%
wide
70%
run
68%
anymore
67%
showed
67%
dignified
66%
just
66%
things
66%
adored
65%
brought
65%
shamed
64%
came
63%
around
62%
much
62%
like
61%
many
61%
can't
60%
had
60%
luck
60%
fine,
59%
guess
59%
or
58%
warm,
57%
conversation
56%
miss
56%
now
56%
fortune
55%
inspiration
53%
teller's
51%
broken
50%
Well,
48%
seen
44%
touch,
44%
light
42%
holy
41%
Should’ve
37%
veins,
37%
Bound
35%
crawled
31%
beneath
30%
No matching quizzes found
Score Distribution
Percent of People with Each Score
Percentile by Number Answered
Your Score History
You have not taken this quiz